Statistiken für Städte und Gemeinden Landkreis Leipzig

Klicken Sie hier um das Quiz zu spielen!

Allgemein

  • Dieses Quiz wurde 13 mal gespielt
  • Das Durchschnittsergebnis liegt bei 11 aus 30

Antwortstatistiken

Einwohner:innenzahlKommune% Korrekt
24.523Markkleeberg
100%
19.470Borna
73%
28.205Grimma
73%
6797Geithain
64%
16.132Markranstädt
64%
16.614Wurzen
55%
9332Zwenkau
55%
8191Bad Lausick
45%
5101Bennewitz
36%
6776Böhlen
36%
9676Brandis
36%
5508Großpösna
36%
8839Naunhof
36%
6561Pegau
36%
6516Rötha
36%
8195Borsdorf
27%
12.305Frohburg
27%
7551Groitzsch
27%
6767Machern
27%
6926Neukieritzsch
27%
3796Regis-Breitingen
27%
3380Belgershain
18%
8381Colditz
18%
1296Elstertrebnitz
18%
6178Lossatal
18%
1380Otterwisch
18%
3545Parthenstein
18%
5182Klitzscher
9%
3544Thallwitz
9%
3762Trebsen/Mulde
9%

Verteilung der Resultate

Perzentil nach korrekt beantworteten Fragen

Anzahl Personen mit jedem Resultat

Ihre Resultats-Entwicklung

Sie haben dieses Quiz noch nicht gespielt